00531 2200193 4500001002100000008004100021035002000062245007700082100002400159260002700183300002900210020002100239084001900260082001000279990001200289990001200301990001200313990001200325INLIS000000000001979 ind  a0010-1124000260 a100 Kiat fit & Sehat Dengan Olahraga Dan Diet TepatcSadoso Sumosardjuno aSadoso Sumosardjuno aJakarta :bLIBRIc2012 aVIII, 206 halamanc21 cm a978-602-194172-0 a613.7 SAD k C1 a613.7 a0002488 a0002489 a0002490 a0002491